Personnages les plus cités dans l'Iliade - Statistiques

Statistiques générales
  • Ce quiz a été pris 15 018 fois
  • Le résultat moyen est 12 sur 30
Statistiques - réponses
# Description Personnage % Correct
468 Roi des dieux Zeus
95%
423 Héros grec colérique Achille
86%
123 Bâtisseur du cheval de Troie Ulysse
86%
64 Dieu de la mer Poséidon
79%
114 Dieu de la guerre Arès
76%
159 Déesse de la sagesse Athéna
75%
47 Dieu des enfers Hadès
72%
119 Reine des dieux Héra
71%
68 Le juge du concours de beauté quia tué le héros colérique Pâris
59%
140 Dieu des arts Apollon
57%
480 Héros de Troie Hector
57%
194 Roi de Mycènes Agamemnon
53%
84 Roi des titans Cronos
46%
42 "Le visage qui a lancéun millier de navires" Hélène
45%
172 Meilleur ami du héros colérique Patrocle
38%
148 Roi de Sparte Ménélas
36%
184 Roi de Troie Priam
34%
86 Héros troyen qui se renditensuite en Italie Énée
30%
206 Nom commun à deux hérosgrecs différents Ajax
26%
45 Nymphe des mers mère duhéros colérique Thétis
12%
135 Père du héros colérique Pélée
9%
99 Roi d'Argos Diomède
8%
93 Roi de Pylos Nestor
7%
135 Père du roi de Mycènes Atrée
4%
76 Chef des armées de Crète Idoménée
2%
49 Fils de Zeus qui a combattupour Troie Sarpédon
2%
96 Père de la personne ci-dessus Tydée
2%
59 Prince de Pylos Antiloque
1%
61 Héros qui possédait le casque d'Amyntor Mérion
1%
46 Père d'un héros grec et un desanciens argonautes de Jason Télamon
1%
Aucun quiz correspondant
Distribution des résultats
% des personnes avec chaque résultat
Percentile par nombre de réponses
Votre historique - résultats
Vous n’avez pas pris ce quiz